Statistics for Which Magic the Gathering Card is better in Limited?

Click here to take the quiz!

General Stats

  • This quiz has been taken 5 times
  • The average score is 5 of 10

Answer Stats

QuestionAnswer% Correct
Mesa Unicorn or Benalish Honor Guard
100%
Stinging Cave Crawler or Cogwork Wrestler
60%
Brotherhood's End or Scrapwork Mutt
60%
Twisted Fealty or Knightly Valor
40%
Saiba Cryptomancer or Shatter the Source
40%
Zopandrel or Venomous Brutalist
40%
Luxurious Libation or Sticky Fingers
40%
Imperial Oath or Akki Ember-Keeper
40%
The Torment of Gollum or Peregrin Took
20%
Combat Research or Clockwork Drawback
20%

Score Distribution

Percentile by Number Answered

Percent of People with Each Score

Your Score History

You have not taken this quiz